| 000 | 00695nam a2200289Ia 4500 | ||
|---|---|---|---|
| 005 | 20260324125829.0 | ||
| 008 | 008 260324s9999 xx 000 0 eng d | ||
| 020 | _a9780429134715 | ||
| 037 | _aEBOOK | ||
| 040 | _aCRL | ||
| 040 | _beng | ||
| 040 | _cCRL | ||
| 041 | _2eng | ||
| 041 | _aeng | ||
| 084 | _qCRL | ||
| 100 |
_aSyed A. Ahson; Borko Furht _91179493 |
||
| 245 | 0 | _aHandbook of Mobile Broadcasting | |
| 245 | 0 | _bDVB-H, DMB, ISDB-T, AND MEDIAFLO | |
| 260 | _bTaylor and Francis | ||
| 260 | _c2008 | ||
| 365 | _a | ||
| 365 | _b385 | ||
| 856 | _uhttp://www.taylorfrancis.com/books/9780429134715 | ||
| 942 | _cEBOOK | ||
| 999 |
_c1775082 _d1775082 |
||